[Event "Titled Tuesday intern op 11th Oct Early"]
[Site "Chess.com INT"]
[Date "2022.10.11"]
[Round "7"]
[White "Hanley, Craig"]
[Black "Ambartsumova, Karina"]
[Result "0-1"]
[WhiteElo "2447"]
[BlackElo "2399"]
[PlyCount "42"]
[EventDate "2022.10.11"]
[EventType "swiss (blitz)"]
[EventRounds "11"]
[EventCountry "USA"]
[SourceTitle "EXT 2024"]
[Source "ChessBase"]
[SourceDate "2023.10.10"]
[SourceVersion "1"]
[SourceVersionDate "2023.10.10"]
[SourceQuality "1"]

1. d4 Nf6 2. c4 g6 3. g3 Bg7 4. Bg2 0-0 5. Nc3 d6 6. Nf3 c6 7. 0-0 Bf5 8. Nh4 Be6 9. b3 d5 10. c5 b6 11. cxb6 axb6 12. a4 c5 13. Ba3 Nc6 14. e3 cxd4 15. exd4 Ne4 16. Nb5 Qd7 17. Re1 Rac8 18. f3 Nc3 19. Qd3 Nxb5 20. axb5 Nxd4 21. Rad1 Nc2 0-1

[Event "Budapest FS10 GM"]
[Site "Budapest"]
[Date "2022.10.11"]
[Round "9"]
[White "Hanley, Craig"]
[Black "Balint, Vilmos"]
[Result "1/2-1/2"]
[WhiteElo "2447"]
[BlackElo "2283"]
[PlyCount "111"]
[EventDate "2022.10.01"]
[EventType "tourn"]
[EventRounds "9"]
[EventCountry "HUN"]
[SourceTitle "CBM 210 Extra"]
[Source "ChessBase"]
[SourceDate "2022.11.30"]
[SourceVersion "1"]
[SourceVersionDate "2022.11.30"]
[SourceQuality "1"]

1. d4 f5 2. h3 d6 3. g4 Nc6 4. e4 fxe4 5. d5 Ne5 6. Nc3 e6 7. Bf4 Ng6 8. Be3 N8e7 9. Qd4 exd5 10. Nxd5 Be6 11. Nc3 d5 12. 0-0-0 Nc6 13. Bb5 a6 14. Bxc6+ bxc6 15. Nxe4 dxe4 16. Qxe4 Qxd1+ 17. Kxd1 0-0-0+ 18. Kc1 Bd5 19. Qf5+ Kb7 20. f3 Bd6 21. Qd3 Rhe8 22. Ne2 Bxf3 23. Re1 Bb4 24. Qb3 Kc8 25. Nc3 Bc5 26. Bd2 Rxe1+ 27. Bxe1 Nf4 28. Bd2 Rf8 29. Qc4 Bd6 30. a4 Nxh3 31. g5 Kb7 32. Be3 Nf4 33. Ne4 Bxe4 34. Qxe4 Nd5 35. Bd4 Rf1+ 36. Kd2 Rf4 37. Qd3 Rg4 38. Bxg7 Bf4+ 39. Kd1 Bxg5 40. Qxh7 Rg1+ 41. Ke2 Rg3 42. b3 Re3+ 43. Kf1 Re7 44. Qg6 Be3 45. c4 Nf4 46. Qg4 Bd2 47. Bd4 Re1+ 48. Kf2 Re4 49. Qd1 Ne6 50. Bf6 Bb4 51. Be7 Be1+ 52. Kf3 Rf4+ 53. Ke2 Re4+ 54. Kf3 Rf4+ 55. Ke2 Re4+ 56. Kf3 1/2-1/2

[Event "Budapest FS10 GM"]
[Site "Budapest"]
[Date "2022.10.05"]
[Round "5"]
[White "Hanley, Craig"]
[Black "Sahithi Varshini, M."]
[Result "1-0"]
[WhiteElo "2447"]
[BlackElo "2238"]
[PlyCount "92"]
[EventDate "2022.10.01"]
[EventType "tourn"]
[EventRounds "9"]
[EventCountry "HUN"]
[SourceTitle "CBM 210 Extra"]
[Source "ChessBase"]
[SourceDate "2022.11.30"]
[SourceVersion "1"]
[SourceVersionDate "2022.11.30"]
[SourceQuality "1"]

1. e4 c5 2. b3 e6 3. Bb2 d6 4. Bb5+ Nd7 5. f4 a6 6. Bxd7+ Bxd7 7. Nf3 Bc6 8. d3 Nf6 9. Nbd2 Be7 10. Qe2 Qc7 11. e5 dxe5 12. Nxe5 Nd7 13. 0-0 0-0 14. Rae1 Rfe8 15. Nxc6 Qxc6 16. Ne4 Nf8 17. Qg4 Ng6 18. f5 exf5 19. Rxf5 Rad8 20. Ref1 Rf8 21. Ba3 b6 22. Qh5 Qd7 23. Bb2 Qc7 24. g3 Qc8 25. a4 a5 26. Qf3 f6 27. Nd2 Bd6 28. Nc4 Bc7 29. Rd5 Qe6 30. Rxd8 Rxd8 31. Kg2 Ne7 32. Bc3 Nd5 33. Re1 Qd7 34. Bd2 Ne7 35. Re4 Nc6 36. Bc3 Rf8 37. Qh5 Nb4 38. Bxb4 axb4 39. Qe2 Qd5 40. Kg1 Bd8 41. Re6 Qd4+ 42. Kg2 f5 43. Rd6 Qg4 44. Qe6+ Kh8 45. Rxd8 Rxd8 46. Nd6 Rxd6 1-0

[Event "Budapest FS10 GM"]
[Site "Budapest"]
[Date "2022.10.01"]
[Round "1"]
[White "Siddharth, Jagadeesh"]
[Black "Hanley, Craig"]
[Result "1-0"]
[WhiteElo "2415"]
[BlackElo "2447"]
[PlyCount "53"]
[EventDate "2022.10.01"]
[EventType "tourn"]
[EventRounds "9"]
[EventCountry "HUN"]
[SourceTitle "CBM 210 Extra"]
[Source "ChessBase"]
[SourceDate "2022.11.30"]
[SourceVersion "1"]
[SourceVersionDate "2022.11.30"]
[SourceQuality "1"]

1. d4 Nf6 2. c4 g6 3. Nc3 d5 4. e3 Bg7 5. cxd5 Nxd5 6. Nxd5 Qxd5 7. Ne2 0-0 8. Nc3 Qd6 9. Be2 Nd7 10. 0-0 c5 11. d5 a6 12. e4 f5 13. exf5 gxf5 14. a4 b6 15. Bf3 c4 16. Re1 Nc5 17. Bg5 Ra7 18. Qe2 e5 19. dxe6 Bxc3 20. bxc3 Bxe6 21. a5 bxa5 22. Rxa5 Ne4 23. Bxe4 fxe4 24. Qxe4 Rd7 25. Bh6 Rff7 26. h3 Rf6 27. Rg5+ 1-0

[Event "Titled Tuesday intern op 09th Mar"]
[Site "Chess.com INT"]
[Date "2021.03.09"]
[Round "10"]
[White "Liyanage, Ranindu Dilshan"]
[Black "Hanley, Craig"]
[Result "1-0"]
[WhiteElo "2165"]
[BlackElo "2447"]
[PlyCount "91"]
[EventDate "2021.03.09"]
[EventType "swiss (blitz)"]
[EventRounds "11"]
[EventCountry "USA"]
[SourceTitle "CBM 201 Extra"]
[Source "ChessBase"]
[SourceDate "2021.05.31"]
[SourceVersion "1"]
[SourceVersionDate "2021.05.31"]
[SourceQuality "1"]

1. d4 e6 2. Bf4 c5 3. e3 Nc6 4. Nf3 Nf6 5. Nbd2 d5 6. c3 Bd6 7. Bg3 0-0 8. Bd3 b6 9. Qe2 Bb7 10. Rd1 Re8 11. e4 cxd4 12. e5 dxc3 13. bxc3 Be7 14. exf6 Bxf6 15. Ne5 Rc8 16. 0-0 Nxe5 17. Bxe5 Bxe5 18. Qxe5 Qc7 19. Qxc7 Rxc7 20. c4 Rec8 21. cxd5 Bxd5 22. a4 Rc5 23. Ba6 R8c7 24. Nf3 Ra5 25. Bb5 a6 26. Rc1 Rxc1 27. Rxc1 g6 28. Rc8+ Kg7 29. Be8 f5 30. h4 Bxf3 31. gxf3 h6 32. Rb8 b5 33. axb5 axb5 34. Rxb5 Ra8 35. Bc6 Ra6 36. Rb7+ Kf6 37. Be8 g5 38. h5 Ke5 39. Rh7 Kf4 40. Kg2 e5 41. Bg6 g4 42. fxg4 Kxg4 43. Rxh6 Ra2 44. Rh8 e4 45. Re8 Kg5 46. Re5 1-0

[Event "Titled Tuesday intern op 16th Feb"]
[Site "Chess.com INT"]
[Date "2021.02.16"]
[Round "4"]
[White "Hanley, Craig"]
[Black "Ramsdal, Jens Albert"]
[Result "1-0"]
[WhiteElo "2447"]
[BlackElo "2267"]
[PlyCount "115"]
[EventDate "2021.02.16"]
[EventType "swiss (blitz)"]
[EventRounds "11"]
[EventCountry "USA"]
[SourceTitle "EXT 2022"]
[Source "ChessBase"]
[SourceDate "2021.10.06"]
[SourceVersion "1"]
[SourceVersionDate "2021.10.06"]
[SourceQuality "1"]

1. d4 Nf6 2. c4 e6 3. g3 d5 4. Nf3 Be7 5. Bg2 0-0 6. 0-0 dxc4 7. Qc2 a6 8. Qxc4 b5 9. Qc2 Bb7 10. Bf4 Nd5 11. Nbd2 Nxf4 12. gxf4 Nd7 13. Nb3 Rc8 14. Na5 Bxf3 15. Bxf3 c5 16. Nc6 Qe8 17. a4 cxd4 18. axb5 axb5 19. Qb3 b4 20. Qc4 Bf6 21. Qxb4 Nb8 22. Ne5 Qd8 23. Ng4 Be7 24. Qb5 Rc5 25. Qd3 h5 26. Ne5 Nd7 27. Ra8 Nxe5 28. fxe5 Qc7 29. Rxf8+ Bxf8 30. Qxd4 Rxe5 31. Rd1 Rg5+ 32. Kh1 g6 33. b3 Bg7 34. Qc4 Qxc4 35. bxc4 Rc5 36. Rc1 Bh6 37. Rc2 Kf8 38. Bb7 Ke7 39. Kg2 e5 40. Bd5 f5 41. e3 g5 42. Ra2 Rc7 43. Ra6 Bg7 44. Be6 f4 45. Kf3 Bf6 46. Ke4 g4 47. Bf5 fxe3 48. fxe3 Rxc4+ 49. Kd5 Rc7 50. Re6+ Kf7 51. Rb6 Re7 52. Ke4 Kg7 53. Rc6 h4 54. Bxg4 Ra7 55. Bh5 Ra4+ 56. Kf5 Bd8 57. Rg6+ Kh7 58. Rd6 1-0

[Event "Gibraltar Masters 17th"]
[Site "Caleta"]
[Date "2019.01.31"]
[Round "10"]
[White "Galinsky, Timofey"]
[Black "Hanley, Craig"]
[Result "0-1"]
[WhiteElo "2365"]
[BlackElo "2452"]
[PlyCount "94"]
[EventDate "2019.01.22"]
[EventType "swiss"]
[EventRounds "10"]
[EventCountry "GGB"]
[SourceTitle "CBM 188 Extra"]
[Source "ChessBase"]
[SourceDate "2019.02.26"]
[SourceVersion "1"]
[SourceVersionDate "2019.02.26"]
[SourceQuality "1"]

1. d4 e6 2. Nf3 c5 3. c3 Nc6 4. e4 d5 5. exd5 Qxd5 6. Be3 cxd4 7. cxd4 Nf6 8. Nc3 Bb4 9. a3 Bxc3+ 10. bxc3 0-0 11. c4 Qd6 12. Bd3 b6 13. 0-0 Bb7 14. c5 bxc5 15. Rb1 Qe7 16. dxc5 Rfd8 17. Bg5 Rd7 18. Bxf6 gxf6 19. Qc2 f5 20. Rfe1 Qf6 21. Bb5 Rc7 22. Qd2 Rac8 23. Rb3 Qg7 24. Rd3 h6 25. g3 Qf8 26. Rd6 Kh7 27. Bxc6 Bxc6 28. Ne5 Be8 29. c6 Bxc6 30. Nxc6 Rxc6 31. Rxc6 Rxc6 32. Qd7 Ra6 33. a4 Kg7 34. Qd4+ Kg6 35. h4 Qg7 36. h5+ Kh7 37. Qd7 Ra5 38. Rd1 f4 39. Qd3+ Rf5 40. Rc1 Qg5 41. Rc8 fxg3 42. fxg3 Kg7 43. Qa3 Rd5 44. Qf8+ Kf6 45. Qh8+ Qg7 46. g4 Qxh8 47. Rxh8 Rg5 0-1

[Event "Gibraltar Masters 17th"]
[Site "Caleta"]
[Date "2019.01.27"]
[Round "6"]
[White "Stijve, Theo"]
[Black "Hanley, Craig"]
[Result "0-1"]
[WhiteElo "2339"]
[BlackElo "2452"]
[PlyCount "124"]
[EventDate "2019.01.22"]
[EventType "swiss"]
[EventRounds "10"]
[EventCountry "GGB"]
[SourceTitle "CBM 188 Extra"]
[Source "ChessBase"]
[SourceDate "2019.02.26"]
[SourceVersion "1"]
[SourceVersionDate "2019.02.26"]
[SourceQuality "1"]

1. e4 c5 2. Nf3 d6 3. d4 cxd4 4. Nxd4 Nf6 5. Nc3 a6 6. Be3 e5 7. Nb3 Be6 8. f3 h5 9. Qd2 Nbd7 10. Nd5 Bxd5 11. exd5 Qc7 12. Be2 a5 13. a4 g6 14. 0-0-0 Bg7 15. Kb1 0-0 16. g4 Nb6 17. gxh5 Nxh5 18. Bb5 Nc4 19. Qe2 Nxe3 20. Qxe3 Kh7 21. Rd3 Bh6 22. Rc3 Qd8 23. Qf2 f5 24. Nd2 Bxd2 25. Qxd2 Rf7 26. Bd3 Rc7 27. Rb3 Nf4 28. h4 Rf7 29. Qe3 Nxd5 30. Qg5 Nf4 31. Rb5 Qxg5 32. hxg5+ Kg7 33. Bc4 Re7 34. Rd1 e4 35. fxe4 fxe4 36. Rb6 Rc8 37. b3 e3 38. Bb5 Rc5 39. Rbxd6 Rxg5 40. Re1 Rd5 41. Rxd5 Nxd5 42. c4 Nf4 43. Kc2 Kf6 44. Kc3 g5 45. c5 g4 46. Kd4 e2 47. b4 axb4 48. a5 g3 49. c6 bxc6 50. Bxc6 Ra7 51. Ke4 Kg5 52. Kf3 Rxa5 53. Kxg3 Ra3+ 54. Bf3 b3 55. Rb1 b2 56. Kf2 Ra1 57. Be4 Kf6 58. Ke1 Ke5 59. Bc2 Nd5 60. Kd2 Nc3 61. Re1 Kd4 62. Bg6 Rd1+ 0-1